[Event "HUN-ch Rapid 2018"]
[Site "Ajka"]
[Date "2018.07.21"]
[Round "9"]
[White "Gledura, Benjamin"]
[Black "Hoang, Thanh Trang"]
[Result "1-0"]
[WhiteElo "2574"]
[BlackElo "2351"]
[Annotator "TA"]
[PlyCount "79"]
[EventDate "2018.07.20"]
[EventType "swiss"]
[EventCountry "HUN"]
[SourceTitle "playchess.com"]
[Source "ChessBase"]
[SourceQuality "1"]

{[%evp 19,79,38,41,38,46,36,36,39,42,38,49,0,21,21,21,8,21,0,9,2,18,10,29,28,35,30,81,75,85,66,94,104,102,107,366,347,433,417,406,250,1330,1327,2235,2132,1839,1799,1805,1756,29981,893,29982,29983,29983,29984,29984,29985,29985,29986,29986,29987,29997,29998]} 1. Nf3 f5 2. g3 Nf6 3. Bg2 g6 4. d4 Bg7 5. b3 O-O 6. Bb2 Ne4 7. O-O d5 8. c4 c6 9. Nbd2 Be6 10. Rc1 {A81: Holländische Verteidigung (Leningrader Variante)} (10. Qc2 Nd7 11. Rac1 h6 12. a3 a5 13. Rfd1 Rc8 14. Ne1 b5 15. Nd3 dxc4 16. bxc4 Nxd2 17. Qxd2 bxc4 {½-½ (39) Mareco,S (2565)-Ganguly,S (2639) Jakarta 2013}) 10... Nd7 {LiveBook: 6 Partien} 11. e3 a5 $146 ({Vorgänger:} 11... h6 12. Qe2 a5 13. Ne1 a4 14. Nd3 axb3 15. axb3 Qb6 16. c5 Qb5 17. b4 b6 {0-1 (28) Nechaev,A (2394)-Firman,N (2525) Khmelnitsky 2008}) 12. cxd5 {Weiß steht etwas besser.} cxd5 13. a4 Qb6 14. Ba3 Bf6 15. Nxe4 (15. Qc2 {looks sharper.} Qa7 16. h4 Qb8 17. Nb1 Rc8 18. Qd3) 15... dxe4 16. Nd2 Bd5 17. Nc4 Qe6 18. Qd2 b6 19. Rc3 Rac8 20. Rfc1 Rc6 21. Bf1 Rfc8 22. Qb2 Qf7 (22... Kg7 $11 {hält das Gleichgewicht.}) 23. Nd2 $16 Rxc3 24. Rxc3 Rxc3 25. Qxc3 e5 26. Qc8+ Kg7 $2 {[%mdl 8192]} (26... Nf8 $16) 27. Bb5 Nf8 28. dxe5 Bxe5 29. Nc4 Bf6 $2 (29... Bxc4 30. Bxc4 Qf6) 30. Nd6 $18 Qe6 {[#]} 31. Nxf5+ $1 {[%mdl 512]} gxf5 (31... Qxf5 32. Qxf8#) 32. Qxf8+ Kg6 33. Be8+ Kg5 34. h4+ Kg4 35. Qh6 {Weiß setzt Matt.} Qxe8 36. Qf4+ Kh5 37. Qxf5+ Kh6 38. Qxf6+ Qg6 39. Qe5 Qg8 {[#]} 40. Bf8+ $1 {[%mdl 512] Precision: Weiß = 79%, Schwarz = 37%.} 1-0

[Event "HUN-ch Rapid 2018"]
[Site "Ajka"]
[Date "2018.07.21"]
[Round "9"]
[White "Medvegy, Zoltan"]
[Black "Czebe, Attila"]
[Result "0-1"]
[WhiteElo "2542"]
[BlackElo "2488"]
[Annotator "TA"]
[PlyCount "78"]
[EventDate "2018.07.20"]
[EventType "swiss"]
[EventCountry "HUN"]
[SourceTitle "playchess.com"]
[Source "ChessBase"]
[SourceQuality "1"]

{[%evp 22,78,62,66,129,137,113,92,133,68,79,65,108,90,93,99,100,96,89,95,91,35,39,35,39,37,41,38,46,-5,0,-85,54,37,91,72,74,-48,-48,-123,-124,-143,0,-281,-296,-474,-506,-372,-465,-539,-539,-534,-516,-526,-516,-512,-411,-469,-415]} 1. c4 g6 2. Nc3 Bg7 3. d4 d6 4. e4 e5 5. Nge2 {[%cal Bg1e2,Be2d4,Bd4b5,Bb5d6][%mdl 32]} Nf6 6. f3 O-O 7. Be3 c6 8. Qd2 exd4 9. Nxd4 d5 10. cxd5 cxd5 11. e5 {E86: King's Indian: Sämisch: 6...e5 7 Nge2 c6} Nfd7 12. f4 {LiveBook: 5 Games} (12. Nxd5 $6 Nxe5 13. Nb5 Na6 $11) 12... Nc5 $146 (12... Nb6 $14) ({Predecessor:} 12... Nb6 13. Ndb5 Be6 14. Bc5 Re8 15. O-O-O Na6 16. Ba3 f6 17. Nd6 Re7 18. exf6 Bxf6 {1-0 (74) Shimanov,A (2600)-Fedoseev,V (2546) St Petersburg 2012}) 13. Ndb5 $16 {White is better.} Nba6 14. Qxd5 Be6 15. Qxd8 (15. Qf3 $16) 15... Rfxd8 $14 16. Nd6 b6 17. O-O-O f6 18. exf6 Bxf6 19. Nd5 Bxd5 20. Rxd5 Nb4 21. Bc4 (21. Rd2 $16) 21... Kg7 22. Rd2 Ncd3+ $1 23. Bxd3 Rxd6 24. Bc2 Rad8 25. Rhd1 ({White should try} 25. Rxd6 $14 Rxd6 26. Bb3) 25... Rc8 $11 {[#] ...Re6 is the strong threat.} 26. Re2 (26. a3 $11 {remains equal.} Nxc2 27. Rxc2 Rxc2+ 28. Kxc2 Rxd1 29. Kxd1) 26... Rdc6 ({Inferior is} 26... Nxc2 27. Rxd6 Nxe3+ 28. Kb1 $16) (26... Nxa2+ $6 27. Kb1 $11) (26... Re6 $17 27. Rdd2 Nxc2 28. Rxc2 Rce8) 27. Rdd2 $14 Nxa2+ (27... Re8 $14) 28. Kb1 $16 Nb4 29. g4 (29. Rd7+ $16 Kf8 30. Bb3) 29... Kf8 $15 30. g5 ({White should play} 30. h3 $15) 30... Bg7 $17 ({Reject} 30... Rxc2 $6 31. Rxc2 Nxc2 32. Rxc2 $11) 31. Rf2 Ke7 $40 {[%mdl 128] Black has some attack.} ({Don't play} 31... Nxc2 32. Rxc2 Rxc2 33. Rxc2 $17) (31... Re6 $17 32. Rf3 Rce8) 32. f5 $2 {[%mdl 8192] [#]} (32. Rfe2 $11 {and White has nothing to worry.} Kf8 33. h4) 32... gxf5 $19 33. h4 $2 (33. Rde2 {keeps fighting.} Rxc2 34. Bd2+ Kf7 35. Bxb4 Rxe2 36. Rxe2) 33... Nxc2 (33... Rxc2 $2 34. Rxc2 Nxc2 35. Rxc2 $19) 34. Rxc2 Rxc2 35. Rxc2 Rxc2 36. Kxc2 {KB-KB} Be5 37. Bc1 a5 {[%cal Ba7a5,Ba5a4][%mdl 32]} 38. Kd3 b5 39. h5 a4 {Precision: White = 28%, Black = 49%.} 0-1

[Event "HUN-ch Rapid 2018"]
[Site "Ajka"]
[Date "2018.07.21"]
[Round "9"]
[White "Nemeth, Miklos"]
[Black "Volosin, Vladimir"]
[Result "1-0"]
[WhiteElo "2469"]
[BlackElo "2250"]
[Annotator "TA"]
[PlyCount "43"]
[EventDate "2018.07.20"]
[EventType "swiss"]
[EventCountry "HUN"]
[SourceTitle "playchess.com"]
[Source "ChessBase"]
[SourceQuality "1"]

{[%evp 14,43,46,51,213,218,267,146,127,107,165,149,305,303,370,374,386,373,380,350,352,371,385,372,720,751,743,719,721,707,914,918]} 1. e4 c6 {[%cal Bc7c6,Bc6c5][%mdl 32]} 2. d4 d5 3. e5 Bf5 4. Nf3 e6 5. Be2 c5 6. O-O Nc6 7. Be3 Qb6 8. Nc3 $1 {LiveBook: 108 Partien. Schwarz muss nun dxc5 beachten. B12: Caro-Kann (Vorstoß-Variante)} Rc8 $2 ({Besser ist} 8... c4 $14) (8... Qxb2 9. Qe1 cxd4 10. Bxd4 Nxd4 11. Nxd4 Bb4 12. Ndb5 Ba5 13. g4 Bg6 14. Rb1 Qxc2 15. Rc1 Qb2 {½-½ (43) Karjakin,S (2778)-Navara,D (2745) Shamkir 2018}) 9. dxc5 $1 $18 Qxb2 10. Nb5 ({Der einzige Zug:} 10. Qe1 $1 $18) 10... Qxc2 $16 11. Qe1 a6 (11... Qe4 $16 {ist eine bessere Verteidigung.}) 12. Nbd4 $146 ({Vorgänger:} 12. Nfd4 Qe4 13. Nxc6 Rxc6 14. Nd4 Bxc5 15. Nxc6 Bxe3 {0-1 (24) Ralphs,N (2059)-Musson,A (2092) Wales 2017}) 12... Qe4 $2 (12... Qa4 $16) 13. Nxc6 Rxc6 {[#]} 14. Qa5 $1 Be7 {[#]} 15. Rab1 $1 {[%mdl 512]} Bd8 {[#]} (15... Qxb1 16. Rxb1) 16. Qa3 $1 Qxb1 17. Rxb1 Bxb1 18. Nd4 Rc7 $2 (18... Ne7 19. Nxc6 bxc6 20. Qxa6 O-O) 19. Qa4+ {Weiß steht klar auf Gewinn.} ({Schwächer ist} 19. Qb3 Bg6 $16) 19... Kf8 20. c6 bxc6 21. Nxc6 Be7 22. Qb3 {Precision: Weiß = 80%, Schwarz = 25%.} 1-0

[Event "HUN-ch Rapid 2018"]
[Site "Ajka"]
[Date "2018.07.21"]
[Round "9"]
[White "Groszpeter, Attila"]
[Black "Horvath, Adam"]
[Result "0-1"]
[WhiteElo "2438"]
[BlackElo "2479"]
[Annotator "TA"]
[PlyCount "102"]
[EventDate "2018.07.20"]
[EventType "swiss"]
[EventCountry "HUN"]
[SourceTitle "playchess.com"]
[Source "ChessBase"]
[SourceQuality "1"]

{[%evp 20,102,35,28,58,49,52,52,345,348,347,31,27,7,4,0,16,-12,-12,-20,-22,-22,-25,-25,-18,-25,0,0,0,0,0,0,0,-14,-9,-33,0,-26,-23,-42,-39,-43,-43,-63,-65,-142,-34,-34,-34,-41,-36,-73,-59,-49,-20,-213,-213,-213,-213,-213,-169,-169,-169,-169,-169,-164,-162,-217,-235,-202,0,0,919,673,2224,-972,-897,-1771,-1558,-12766,-11580,-11439,-9106,-10252,-5106]} 1. e4 c5 2. Nf3 e6 3. d4 cxd4 4. Nxd4 Nc6 5. Nc3 Qc7 6. Be3 a6 7. a3 b5 8. Nxc6 Qxc6 9. Be2 Bb7 {B49: Sicilian: Taimanov: 5 Nc3 Qc7 6 Be3 a6 7 Be2} 10. O-O Rc8 11. Qd2 {LiveBook: 3 Games} (11. Bd4 Qc7 12. Qd3 Nf6 13. f4 Be7 14. Bf3 O-O 15. e5 Ne8 16. f5 Bxf3 17. Rxf3 Qc4 18. Qd2 f6 19. exf6 Nxf6 20. Kh1 a5 21. Bxf6 Bxf6 22. Qxd7 exf5 23. Rxf5 Bxc3 {½-½ (23) Kobalia,M (2599)-Najer,E (2683) Batumi 2018}) 11... Bc5 {White has an edge.} 12. Rfd1 Nf6 13. Bf3 {Black must now prevent e5.} Qc7 $146 {[%mdl 8192]} (13... e5 $14) ({Predecessor:} 13... Bxe3 14. Qxe3 Qc5 15. e5 Bxf3 16. gxf3 Nd5 17. Nxd5 exd5 {1-0 (53) Vieth,M (1928)-Blondel,F (1985) ICCF email 2015}) 14. Bxc5 $1 $18 Qxc5 {[#]} 15. Qd6 $2 ({White has to play} 15. e5 $1 $18 {[%mdl 512]} Bxf3 (15... Qxe5 16. Bxb7) 16. exf6 Bxd1 17. Ne4) 15... e5 16. Rac1 (16. g3 {is interesting.} Qxd6 17. Rxd6 Bc6 18. Bg2 h5 19. h4) 16... Qxd6 17. Rxd6 Rc6 (17... Ke7 {with more complications.} 18. Rcd1 Rc6 19. R6d3 Rhc8 20. g4 h6) 18. Rxc6 (18. Rd3 {seems wilder.} Ke7 19. Be2 Rd6 20. Rxd6 Kxd6 21. f3) 18... Bxc6 19. Kf1 Ke7 20. Ke2 Rc8 21. Rd1 Bb7 22. Ke3 Rc5 23. Be2 d6 24. f3 Nd7 25. Kd2 Nb6 26. Kc1 g6 27. Bd3 Bc8 28. Ne2 Be6 29. c3 d5 30. exd5 Nxd5 31. Rd2 Ne3 32. Ng3 {[#]} (32. Ng1 $15) 32... f5 (32... Rd5 $1 $17 33. Be4 Rxd2 34. Kxd2 Nxg2) 33. Nf1 $15 Nc4 34. Bxc4 bxc4 {[%mdl 4096] Endgame KRB-KRN} 35. Ne3 f4 (35... g5 {feels hotter.} 36. Nf1 f4 37. Rd1 Bd5 38. h3 h5) 36. Nd1 Rd5 37. Rxd5 $2 (37. Re2 $11) 37... Bxd5 $11 {KB-KN} 38. Nf2 Ke6 39. Kd2 Kf5 40. Ke2 e4 41. fxe4+ Bxe4 42. g3 h5 {[%cal Bh7h5,Bh5h4,Bh4h3,Bh3h2][%mdl 32]} 43. Nh3 (43. gxf4 {keeps fighting.} Kxf4 44. Nh3+ Kf5 45. Nf2) 43... fxg3 $19 44. hxg3 Kg4 $2 ({Better is} 44... g5 $19 {aiming for ...h4.} 45. Ke3 Bg2) 45. Nf2+ $11 Kxg3 $2 {[%mdl 8192]} (45... Kf5 $11) 46. Nxe4+ {KN-KP} Kg2 {intending ...h4.} 47. Ke3 $4 {[%mdl 8192]} (47. Nd6 $18 Kh3 48. Kf3) 47... h4 $19 {Black is clearly winning.} 48. Kf4 h3 49. Kg4 h2 50. Ng3 {[#]} g5 $1 {[%mdl 512]} 51. a4 (51. Kxg5 Kxg3) 51... a5 {Precision: White = 34%, Black = 42%.} 0-1

[Event "HUN-ch Rapid 2018"]
[Site "Ajka"]
[Date "2018.07.21"]
[Round "9"]
[White "Almasi, Istvan"]
[Black "Seres, Bela"]
[Result "1-0"]
[WhiteElo "2416"]
[BlackElo "2220"]
[Annotator "TA"]
[PlyCount "65"]
[EventDate "2018.07.20"]
[EventType "swiss"]
[EventCountry "HUN"]
[SourceTitle "playchess.com"]
[Source "ChessBase"]
[SourceQuality "1"]

{[%evp 12,65,116,62,152,34,31,0,0,0,17,1,33,4,5,0,32,-21,-19,-31,-34,-33,-24,-44,0,5,-8,-42,-39,-44,0,0,0,0,0,0,229,237,231,232,356,341,424,415,411,391,457,445,679,427,414,371,410,335,843,830]} 1. Nf3 g6 2. e4 Bg7 3. d4 c5 4. dxc5 Qa5+ 5. c3 Qxc5 6. Na3 {B27: Sicilian: 2 Nf3, unusual Black 2nd moves} b6 (6... Nf6 7. Be3 Qa5 8. Nc4 Qc7 9. e5 Ng4 10. Bf4 b5 11. Ne3 Nxe3 12. fxe3 e6 13. Bxb5 Qb6 {½-½ (32) Nepomniachtchi,I (2705)-Guseinov,G (2649) Ashdod 2015}) 7. Nb5 {LiveBook: 7 Games} ({White should play} 7. Be3 $16 Bxc3+ 8. Nd2 (8. bxc3 Qxc3+ 9. Nd2 Qxa3 $11) 8... Bxd2+ 9. Qxd2) 7... a6 {[#]} (7... Bb7 $14) 8. Be3 (8. Qd5 $1 $16 {[%cal Rd5a8]} Qxd5 9. Nc7+ Kf8 10. Nxd5 (10. exd5 Ra7 $16)) 8... Qc6 $14 9. Nfd4 $146 (9. Na3 {looks sharper.} b5 10. Nc2 Nf6 11. Nd2 O-O 12. Be2) ({Predecessor:} 9. Nbd4 Qb7 10. Bc4 Nf6 11. e5 Ne4 12. Qb3 e6 13. a4 O-O {0-1 (56) Skovgaard,I (2006)-Jensen,M (2113) Helsingor 2012}) 9... Qb7 10. Na3 d6 11. Be2 Nd7 12. O-O Ngf6 {[%cal Bg8f6,Bf6d5,Bd5f4][%mdl 32]} 13. f3 O-O 14. Nc4 ({Better is} 14. c4 $14) 14... d5 $11 15. exd5 Nxd5 {[#] And now ...b5 would win.} 16. Bf2 Nf4 17. Re1 e5 18. Nb3 b5 19. Nba5 Qc7 20. Qd6 Ra7 21. Qxc7 Rxc7 22. Nd6 Nc5 23. Bxb5 Rd8 $2 (23... axb5 $11 {and Black stays safe.} 24. Nxb5 Nce6 25. Nxc7 Nxc7) 24. Ne8 $18 Rxe8 25. Bxe8 Kf8 (25... Ncd3 $142 26. Bb6 Re7) 26. Bc6 Ncd3 27. Bb6 Nxe1 28. Rxe1 ({Don't play} 28. Bxc7 Nexg2 29. Nc4 Bf6 $18) 28... Re7 29. Bc5 Nd3 (29... f5 $142 30. Rd1 Kf7 31. Bxe7 Kxe7) 30. Bxe7+ Kxe7 31. Re2 Be6 32. b3 Kd8 $2 (32... Bh6 33. Be4 Nc1) 33. Rd2 {Precision: White = 47%, Black = 30%.} 1-0

[Event "HUN-ch Rapid 2018"]
[Site "Ajka"]
[Date "2018.07.21"]
[Round "9"]
[White "Galyas, Miklos"]
[Black "Vertetics, Attila"]
[Result "1/2-1/2"]
[WhiteElo "2382"]
[BlackElo "2506"]
[Annotator "TA"]
[PlyCount "38"]
[EventDate "2018.07.20"]
[EventType "swiss"]
[EventCountry "HUN"]
[SourceTitle "playchess.com"]
[Source "ChessBase"]
[SourceQuality "1"]

{[%evp 14,38,10,10,16,8,8,2,11,8,22,0,4,7,11,11,8,1,8,0,5,0,1,0,0,0,0]} 1. c4 c6 2. Nf3 d5 3. g3 Bg4 4. Bg2 e6 5. O-O Nd7 6. cxd5 {A11: English Opening: 1...c6} cxd5 7. Qa4 (7. Nc3 Ngf6 8. d3 Bc5 9. h3 Bh5 10. e4 dxe4 11. dxe4 O-O 12. Qe2 Bxf3 13. Bxf3 Ne5 14. Rd1 Qb6 15. Bg2 Bd4 16. Bd2 {0-1 (40) Wagner,D (2564)-Nakamura,H (2781) Douglas 2017}) 7... Bxf3 8. Bxf3 {LiveBook: 4 Games. The position is equal.} Ne7 9. d4 Nc6 10. Nc3 Nb6 $146 ({Predecessor:} 10... Be7 11. Rd1 O-O 12. Qb5 a6 13. Qd3 {1-0 (28) Terreaux,G-Vetter,G CServe email 1994}) 11. Qd1 Be7 12. e3 O-O 13. b3 Rc8 14. Bb2 a6 15. Qd2 Bd6 16. Rac1 Qe7 17. Ne2 Bb4 18. Bc3 Ba3 19. Bb2 Bb4 1/2-1/2

[Event "HUN-ch Rapid 2018"]
[Site "Ajka"]
[Date "2018.07.21"]
[Round "9"]
[White "Dankhazi, Andras"]
[Black "Ruck, Robert"]
[Result "1/2-1/2"]
[WhiteElo "2361"]
[BlackElo "2570"]
[Annotator "TA"]
[PlyCount "77"]
[EventDate "2018.07.20"]
[EventType "swiss"]
[EventCountry "HUN"]
[SourceTitle "playchess.com"]
[Source "ChessBase"]
[SourceQuality "1"]

{[%evp 19,77,0,27,21,13,5,17,8,11,20,12,8,11,12,33,29,29,32,37,26,38,20,67,37,14,-64,-61,-49,28,29,21,22,44,39,33,42,26,35,107,16,56,46,35,27,35,27,25,0,0,0,18,10,89,0,0,0,0,0,3,0]} 1. d4 Nf6 2. c4 e6 3. Nf3 b6 4. g3 Ba6 5. b3 d5 6. cxd5 exd5 7. Bg2 Bd6 8. O-O Nbd7 9. Nc3 O-O 10. Bf4 {E15: Queen's Indian: 4 g3 sidelines, 4 g3 Ba6 and 4 g3 Bb7 early deviations} Qe7 {LiveBook: 10 Games} 11. Bxd6 Qxd6 12. Re1 Rfe8 13. e3 c6 14. Qc2 Rac8 {[#]} 15. Rad1 $146 ({Predecessor:} 15. Qb2 Ne4 {1-0 (69) Grigoriants,S (2579)-Bakre,T (2454) Abu Dhabi 2006}) 15... Re7 16. Qb2 Rce8 17. b4 Bc4 18. Nd2 b5 19. Nxc4 bxc4 20. a3 h5 21. Qc2 h4 22. e4 ({White should play} 22. b5 $11) 22... hxg3 $15 23. hxg3 dxe4 (23... Nxe4 $1 $15 24. Nxe4 Qg6) 24. Nxe4 $11 Nxe4 25. Rxe4 Rxe4 26. Bxe4 Nb6 27. Bf3 g6 28. Kg2 Kg7 {[#]} (28... Rd8 $14) 29. Qc1 ({Better is} 29. Qc3 $1 $16) 29... Rh8 30. Qg5 Qe6 31. Qe5+ Qxe5 32. dxe5 {[%mdl 4096] Endgame KRB-KRN} Re8 33. Bxc6 Rxe5 34. Rc1 Kf6 35. a4 a5 (35... Re6 $11 {remains equal.} 36. Bf3 Nxa4) 36. bxa5 (36. f4 $16 Re6 37. bxa5 Rxc6 38. axb6 Rxb6 39. Rxc4) 36... Rxa5 {The position is equal.} 37. Bb5 Nxa4 38. Bxc4 Nc5 39. Rb1 {Precision: White = 45%, Black = 41%.} 1/2-1/2

[Event "HUN-ch Rapid 2018"]
[Site "Ajka"]
[Date "2018.07.21"]
[Round "9"]
[White "Csonka, Attila Istvan"]
[Black "Teglas, Balazs"]
[Result "1-0"]
[WhiteElo "2337"]
[BlackElo "2201"]
[Annotator "NA RC"]
[PlyCount "99"]
[EventDate "2018.07.20"]
[EventType "swiss"]
[EventCountry "HUN"]
[SourceTitle "playchess.com"]
[Source "ChessBase"]
[SourceQuality "1"]
[TimeControl "1200+5"]

1. e4 {[%emt 0:00:01]} c5 {[%emt 0:00:31]} 2. Nf3 {[%emt 0:00:02]} e6 {[%emt 0:00:01]} 3. b3 {[%emt 0:00:02]} Nc6 {[%emt 0:00:11]} 4. Bb2 {[%emt 0:00:01]} Nge7 {[%emt 0:00:08]} 5. g3 {[%emt 0:00:19]} d6 {[%emt 0:00:07]} 6. Bg2 {[%emt 0:00:01]} e5 {[%emt 0:00:03]} 7. h3 {[%emt 0:00:23]} g6 {[%emt 0:00:02]} 8. O-O {[%emt 0:00:02]} Bg7 {[%emt 0:00:01]} 9. c3 {[%emt 0:00:05]} O-O {[%emt 0:00:12]} 10. d4 {[%emt 0:00:02]} exd4 {[%emt 0:01:50]} 11. cxd4 {[%emt 0:00:02]} d5 {[%emt 0:00:06]} 12. exd5 {[%emt 0:01:07]} Nxd5 {[%emt 0:00:03]} 13. Na3 {[%emt 0:00:08]} Ndb4 {[%emt 0:01:11]} 14. Nc4 {[%emt 0:01:04]} Nxd4 {[%emt 0:00:07]} 15. Nxd4 {[%emt 0:01:19]} cxd4 {[%emt 0:00:10]} 16. Qd2 {[%emt 0:00:13]} Nc6 {[%emt 0:00:39]} 17. Rad1 {[%emt 0:00:25]} Bd7 {[%emt 0:00:24]} 18. Ba3 {[%emt 0:00:26]} Be6 {[%emt 0:06:01]} 19. Bxf8 {[%emt 0:00:22]} Qxf8 {[%emt 0:00:02]} 20. Na5 {[%emt 0:00:16]} Nxa5 {[%emt 0:02:32]} 21. Qxa5 {[%emt 0:00:02]} Qe7 {[%emt 0:00:17]} 22. Rfe1 {[%emt 0:00:13]} Qd7 {[%emt 0:00:04]} 23. Kh2 {[%emt 0:00:05]} b6 {[%emt 0:00:09]} 24. Qg5 {[%emt 0:01:04]} Rc8 {[%emt 0:00:21]} 25. Rc1 {[%emt 0:00:11]} Rc3 {[%emt 0:00:07]} 26. Red1 {[%emt 0:00:27]} h6 {[%emt 0:00:08]} 27. Qf4 {[%emt 0:00:04]} Qe7 {[%emt 0:01:40]} 28. Re1 {[%emt 0:00:53]} Qd7 {[%emt 0:00:06]} 29. Rcd1 {[%emt 0:00:14]} Kh7 {[%emt 0:00:22]} 30. Re2 {[%emt 0:00:31]} h5 {[%emt 0:01:09]} 31. Qe4 {[%emt 0:00:31]} Bf6 {[%emt 0:00:48]} 32. Red2 {[%emt 0:00:45]} Bf5 {[%emt 0:00:15]} 33. Qd5 {[%emt 0:00:06]} Qe7 {[%emt 0:00:12]} 34. Bf3 {[%emt 0:01:06]} Kg7 {[%emt 0:01:45]} 35. Kg2 {[%emt 0:00:22]} Be6 {[%emt 0:00:05]} 36. Qe4 {[%emt 0:00:12]} Qd7 {[%emt 0:00:04]} 37. Rxd4 {[%emt 0:00:29]} Bxd4 {[%emt 0:00:07]} 38. Rxd4 Qe7 {[%emt 0:00:01]} 39. Qe2 {[%emt 0:01:53]} Qc7 {[%emt 0:00:35]} 40. Rf4 {[%emt 0:00:52]} Rc2 {[%emt 0:00:05]} 41. Qd1 {[%emt 0:01:16]} Qc5 {[%emt 0:00:14]} 42. Be4 {[%emt 0:00:21]} Rxa2 {[%emt 0:00:10]} 43. Qb1 {[%emt 0:00:01]} Qa3 {[%emt 0:00:18]} 44. Qd1 {[%emt 0:00:17]} Qb2 {[%emt 0:00:05]} 45. Qd6 {[%emt 0:00:24]} Bxb3 {[%emt 0:00:09]} 46. Bd5 {[%emt 0:00:20]} Bxd5+ {[%emt 0:00:02]} 47. Qxd5 {[%emt 0:00:01]} Ra5 {[%emt 0:00:05]} 48. Qxf7+ {[%emt 0:00:19]} Kh6 {[%emt 0:00:08]} 49. Rf6 {[%emt 0:00:06]} Qc2 {[%emt 0:00:07]} 50. Qf8+ {[%emt 0:00:04]} 1-0

[Event "HUN-ch Rapid 2018"]
[Site "Ajka"]
[Date "2018.07.21"]
[Round "9"]
[White "Papp, Gellert"]
[Black "Miszler, Levente"]
[Result "1-0"]
[WhiteElo "2324"]
[BlackElo "1809"]
[Annotator "NA RC"]
[PlyCount "67"]
[EventDate "2018.07.20"]
[EventType "swiss"]
[EventCountry "HUN"]
[SourceTitle "playchess.com"]
[Source "ChessBase"]
[SourceQuality "1"]
[TimeControl "1200+5"]

1. e4 {[%emt 0:00:40]} Nc6 {[%emt 0:00:02]} 2. d4 {[%emt 0:00:03]} e5 {[%emt 0:00:02]} 3. d5 {[%emt 0:00:51]} Nce7 {[%emt 0:00:02]} 4. c4 {[%emt 0:00:17]} Ng6 {[%emt 0:00:02]} 5. Be3 {[%emt 0:00:03]} b6 {[%emt 0:00:03]} 6. Nc3 {[%emt 0:00:39]} Bc5 {[%emt 0:00:05]} 7. Bxc5 {[%emt 0:02:22]} bxc5 {[%emt 0:00:02]} 8. d6 {[%emt 0:00:02]} c6 {[%emt 0:02:07]} 9. Nf3 {[%emt 0:02:34]} Nf6 {[%emt 0:00:21]} 10. h4 {[%emt 0:00:30]} O-O {[%emt 0:01:32]} 11. h5 {[%emt 0:02:18]} Nf4 {[%emt 0:00:02]} 12. h6 {[%emt 0:00:04]} g6 {[%emt 0:04:47]} 13. g3 {[%emt 0:00:04]} Ne6 {[%emt 0:00:02]} 14. Nxe5 {[%emt 0:00:15]} Re8 {[%emt 0:00:06]} 15. Bg2 {[%emt 0:01:01]} Ng5 {[%emt 0:01:23]} 16. f4 {[%emt 0:01:07]} Ngxe4 {[%emt 0:00:05]} 17. Nxe4 {[%emt 0:00:01]} Nxe4 {[%emt 0:00:02]} 18. Bxe4 {[%emt 0:00:02]} f6 {[%emt 0:00:20]} 19. O-O {[%emt 0:02:08]} fxe5 {[%emt 0:00:25]} 20. f5 {[%emt 0:00:08]} Qg5 {[%emt 0:00:44]} 21. Kg2 {[%emt 0:00:13]} Ba6 {[%emt 0:00:54]} 22. Qc2 {[%emt 0:02:36]} Qxh6 {[%emt 0:00:49]} 23. fxg6 {[%emt 0:00:03]} hxg6 {[%emt 0:02:40]} 24. Rf6 {[%emt 0:00:07]} Re6 {[%emt 0:00:18]} 25. Rxe6 {[%emt 0:00:33]} dxe6 {[%emt 0:00:01]} 26. d7 {[%emt 0:00:53]} Rd8 {[%emt 0:00:14]} 27. Rd1 {[%emt 0:00:07]} Bb7 {[%emt 0:01:47]} 28. Qb3 {[%emt 0:00:11]} Ba8 {[%emt 0:00:08]} 29. Qc3 {[%emt 0:00:27]} Qg7 {[%emt 0:00:16]} 30. Qd3 {[%emt 0:00:09]} Qe7 {[%emt 0:01:22]} 31. Bxg6 {[%emt 0:00:07]} Bb7 {[%emt 0:00:15]} 32. Be8 {[%emt 0:00:11]} Rxe8 {[%emt 0:00:05]} 33. dxe8=Q+ {[%emt 0:00:02]} Qxe8 {[%emt 0:00:02]} 34. Qd8 {[%emt 0:00:11]} 1-0